000
00266nam a22001097a 4500
082
_a
513.1 COO'A
100
_a
ADAMS, H.F.R,COOKE, N.M
_9
78585
245
_a
ARITHEMATIC REVIEW FOR ELECTRONICS
260
_a
NEWYORK
_b
MCGRAW HILL
_c
1968
300
_a
175P
942
_c
BK
999
_c
583694
_d
583694